=LDR 00000nam 2200000 4500 =001 INLIS000000000031791 =005 20130612133837 =008 ***********************************ind** =035 ##$$0010-061300000031791 =041 ##$$a ind =082 ##$$a 590.3 =090 ##$$a R.590.3, Rah r =245 ##$$a RAHASIAKU Ensiklopediku , Inilah Dunia Tumbuhan dan Hewan , Editor,Eko Praptanto,Vinda Swasthipadma =260 ##$$a 2008 $b [s.l]. =300 ##$$a 196 hlm. , Illus. , 25 cm =650 ##$$a HEWAN =650 ##$$a ENSIKLOPEDI =700 ##$$a PRAPTANTO, Eko =850 ##$$a NBPNMAT =990 ##$$a 0001/BPAP-NTB/20142015 =990 ##$$a 0001/BPAP-NTB/2015 =990 ##$$a 0001/BPAP-NTB/2015 =990 ##$$a 0001/BPAP-NTB/2015